000 00311nam a2200133Ia 4500
003 OSt
005 20230727054603.0
008 170524s9999 xx 000 0 und d
040 _cIIMT UNIVERSITY
100 _aMISHRA- SK
245 0 _aINDIAN ECONOMY
260 _bSOUTH ASIA: PEARSON EDUCATION
942 _2ddc
_c02
999 _c8029
_d8029